000 00307nam a2200121Ia 4500
008 240624s9999 xx 000 0 und d
041 _aeng
082 _a332 NAR
100 _aNARAYANAN M P
245 _aFINANCE FOR STRATEGIC DECISION MAKING WH
260 _c2006
_aNew Delhi
_bWiley India
365 _cRS
_b31
999 _c22906
_d22906